In the matter of J. Robert Oppenheimer; (Record no. 123013)
[ view plain ]
| 000 -LEADER | |
|---|---|
| fixed length control field | 00946cam a2200277M 4500 |
| 001 - CONTROL NUMBER | |
| control field | 4688970 |
| 005 - DATE AND TIME OF LATEST TRANSACTION | |
| control field | 20150720125640.0 |
| 008 - FIXED-LENGTH DATA ELEMENTS--GENERAL INFORMATION | |
| fixed length control field | 900615s1968 nyu 000 0 eng d |
| 035 ## - SYSTEM CONTROL NUMBER | |
| System control number | (OCoLC)ocm22068667 |
| 035 ## - SYSTEM CONTROL NUMBER | |
| System control number | (NNC)4688970 |
| 040 ## - CATALOGING SOURCE | |
| Original cataloging agency | NYP |
| Transcribing agency | NYP |
| 041 1# - LANGUAGE CODE | |
| Language code of text/sound track or separate title | eng |
| Language code of original and/or intermediate translations of text | ger |
| 050 0# - LIBRARY OF CONGRESS CALL NUMBER | |
| Classification number | PT2671.I6 |
| Item number | I513 |
| 098 ## - OTHER CLASSIFICATION SCHEMES (OCLC) | |
| Call number based on other classification scheme | BX4 |
| 100 1# - MAIN ENTRY--PERSONAL NAME | |
| Personal name | Kipphardt, Heinar, |
| Dates associated with a name | 1922-1982. |
| 9 (RLIN) | 18446 |
| 245 10 - TITLE STATEMENT | |
| Title | In the matter of J. Robert Oppenheimer; |
| Remainder of title | a play freely adapted, on the basis of the documents, |
| Statement of responsibility, etc | by Heinar Kipphardt; translated by Ruth Speirs. |
| 260 ## - PUBLICATION, DISTRIBUTION, ETC. (IMPRINT) | |
| Place of publication, distribution, etc | New York, |
| Name of publisher, distributor, etc | Hill and Wang |
| Date of publication, distribution, etc | [1968] |
| 300 ## - PHYSICAL DESCRIPTION | |
| Extent | 127 p. ; |
| Dimensions | 21 cm. |
| 490 1# - SERIES STATEMENT | |
| Series statement | A Spotlight dramabook |
| 500 ## - GENERAL NOTE | |
| General note | Translation of: In der Sache J. Robert Oppenheimer. |
| 500 ## - GENERAL NOTE | |
| General note | "First Dramabook edition December 1968." |
| 600 10 - SUBJECT ADDED ENTRY--PERSONAL NAME | |
| Personal name | Oppenheimer, J. Robert, |
| Dates associated with a name | 1904-1967 |
| Form subdivision | Drama. |
| 9 (RLIN) | 18447 |
| 830 #0 - SERIES ADDED ENTRY--UNIFORM TITLE | |
| Uniform title | Spotlight dramabook. |
| 9 (RLIN) | 18448 |
| 942 ## - ADDED ENTRY ELEMENTS (KOHA) | |
| Source of classification or shelving scheme | Library of Congress Classification |
| Item type | Monograph ( Printed materials) |
| Withdrawn status | Lost status | Source of classification or shelving scheme | Damaged status | Not for loan | Collection code | Home library | Current library | Shelving location | Date acquired | Total Checkouts | Full call number | Barcode | Date last seen | Price effective from | Koha item type |
|---|---|---|---|---|---|---|---|---|---|---|---|---|---|---|---|
| Library of Congress Classification | Main Collection | ARRUPE LIBRARY | ARRUPE LIBRARY | Main Collection | 20/07/2015 | PT2671.I6 I513 | 46500004403 | 02/07/2019 | 20/07/2015 | Monograph ( Printed materials) |